书目信息 |
| 题名: |
建筑设备施工安装图册
|
|
| 作者: | ;北京市建筑设计院 编 | |
| 分册: | 2 | |
| 出版信息: | 北京 中国建筑工业出版社 1982 |
|
| 页数: | 209页 | |
| 开本: | 19cm | |
| 丛书名: | ||
| 单 册: | ||
| 中图分类: | TU6-64 | |
| 科图分类: | ||
| 主题词: | 建筑机械 , 建筑工程--工程施工--设备 | |
| 电子资源: | ||
| ISBN: | ||
| 000 | 00863nam0 2200265 45 | |
| 001 | 0182004125 | |
| 005 | 20040517083741.3 | |
| 010 | @dCNY1.30 | |
| 091 | @a15040.4244(2) | |
| 100 | @a19950404d1982 em y0chiy0121 ea | |
| 101 | 0 | @achi |
| 102 | @aCN@b110000 | |
| 105 | @aa z 000yy | |
| 106 | @ar | |
| 200 | 10 | @a建筑设备施工安装图册@h2@Ajian zhu she bei shi gong an zhuang tu ce@f北京市建筑设计院编@e煤气,锅炉及热力工程@EMei Qi,Guo Lu Ji Re Li Gong Cheng |
| 210 | @a北京@c中国建筑工业出版社@d1982 | |
| 215 | @a209页@d19cm | |
| 517 | 1 | @a煤气,锅炉及热力工程@Amei qi guo lu ji re li gong cheng |
| 606 | 0 | @a建筑机械 |
| 606 | 0 | @a建筑工程@x工程施工@x设备 |
| 690 | @aTU6-64 | |
| 711 | 02 | @a北京市建筑设计院@Abei jing shi jian zhu she ji yuan@4编 |
| 801 | 0 | @aCN@b上海图书馆@c20040517 |
| 801 | 2 | @aCN@bNLC@c20040517 |
| 905 | @f2@b110226-227@dTU6-64@e56 | |
| 建筑设备施工安装图册.2/北京市建筑设计院编:煤气,锅炉及热力工程.-北京:中国建筑工业出版社,1982 |
| 209页;19cm |
| ISBN :CNY1.30 |
| ● |
| 相关链接 |
|
|
|
|
正题名:建筑设备施工安装图册
索取号:TU6-64/56
 
预约/预借
| 序号 | 登录号 | 条形码 | 馆藏地/架位号 | 状态 | 备注 |
| 1 | 0110226 | 001484799 | 第二样本阅览室/ [索取号:TU6-64/56] | 在馆 | |
| 2 | 0110227 | 001484806 | 第三借阅区/ [索取号:TU6-64/56] | 在馆 |